Francuskojęzyczne kraje - Statystyki

Ogólne statystyki
  • Ten quiz został rozwiązany 1 208 razy
  • Średni wynik to 15 z 29
Statystyki odpowiedzi
Lp. Odpowiedź Kontynent % Poprawnych
8. Francja Europa
99%
1. Belgia Europa
83%
14. Kanada Ameryka Północna
75%
26. Szwajcaria Europa
70%
17. Luksemburg Europa
67%
20. Monako Europa
64%
21. Niger Afryka
64%
24. Senegal Afryka
62%
16. Kongo Afryka
61%
5. Czad Afryka
59%
19. Mali Afryka
58%
10. Gwinea Afryka
56%
13. Kamerun Afryka
50%
29. Wybrzeże Kości Słoniowej Afryka
50%
18. Madagaskar Afryka
48%
9. Gabon Afryka
46%
27. Togo Afryka
46%
12. Haiti Ameryka Północna
44%
2. Benin Afryka
43%
3. Burkina Faso Afryka
42%
6. Demokratyczna Republika Konga Afryka
41%
22. Republika Środkowoafrykańska Afryka
40%
11. Gwinea Równikowa Afryka
39%
23. Rwanda Afryka
32%
25. Seszele Afryka
32%
4. Burundi Afryka
31%
15. Komory Afryka
29%
28. Vanuatu Australia i Oceania
29%
7. Dżibuti Afryka
28%
Nie znaleziono quizów pasujących do podanych kryteriów
Rozkład punktacji
Procent ludzi z każdym wynikiem
Percentyl według liczby udzielonych odpowiedzi
Twoja historia wyników
Nie rozwiązałeś tego quizu